| 000 | 00497nam a2200205Ia 4500 | ||
|---|---|---|---|
| 008 | 170918s9999 xx 000 0 und d | ||
| 020 | _a9780531212424 | ||
| 050 | _bL991 2010 | ||
| 100 | _aLyon, Robin | ||
| 245 | 4 | _aThe Spanish missions of New Mexico / | |
| 245 | _cby Robin Lyon. | ||
| 260 | _aNew York : | ||
| 260 | _bChildren's Press, | ||
| 260 | _c2010 | ||
| 300 | _a48 pages : | ||
| 300 | _bcolored illustration ; | ||
| 300 | _c22cm. | ||
| 440 | _aA true book. | ||
| 500 | _a930 | ||
| 999 |
_c342734 _d342734 |
||